00631nam a2200169Ia 4500001001100000003001000011008004100021040002500062041001300087100004500100245007300145250001100218260006800229300002700297501011400324650002300438L250-16392IT-CnALBA170116s9999||||xx |||||||||||||| ||und|| aIT-CnALBAcIT-CnALBA aITALIANO aMONDIN FRANCESCO, MISSIONARIO APOSTOLICO 0aALLE FIGLIE DI MARIA. DISCORSETTI ED ESEMPI EDIFICANTI. VOL. I.  a6a ed. aPADOVA - VCbGREGORIANA LIBRERIA EDITRICEc1924 [1° Ed.: n.d.] a360 p. (prefazione: 7) aSocietà San Paolo EM - Piazza San Paolo, 14 - 12051 ALBA (CN) (non commercial uses only) ® Copyright 2017 aTEOLOGIA PASTORALE